Comuni del Piemonte - Quiz n°2 - Statistics

Statistiche generali
  • Questo quiz è stato fatto 50 volte
  • Il punteggio medio è 68 su 247
Statistiche sulle risposte
Provincia Comune % Corretto
Alba
87%
Bra
87%
Cuneo
83%
Ceva
78%
Mondovì
65%
Busca
61%
Dronero
61%
Saluzzo
61%
Carrù
57%
Revello
57%
Savigliano
57%
Barbaresco
52%
Montà
52%
Cuneo Acceglio
48%
Aisone
48%
Beinette
48%
Borgo San Dalmazzo
48%
Briaglia
48%
Entracque
48%
Fossano
48%
Vernante
48%
Vicoforte
48%
Alto
43%
Argentera
43%
Bagnasco
43%
Barge
43%
Boves
43%
Brossasco
43%
Caprauna
43%
Caraglio
43%
Centallo
43%
Cherasco
43%
Garessio
43%
Genola
43%
Montezemolo
43%
Sanfront
43%
Vinadio
43%
Bene Vagienna
39%
Bergolo
39%
Camerana
39%
Canale
39%
Cervasca
39%
Cervere
39%
Crissolo
39%
Demonte
39%
Dogliani
39%
Farigliano
39%
Marene
39%
Neive
39%
Ormea
39%
Peveragno
39%
Pontechianale
39%
Racconigi
39%
Sampeyre
39%
Sanfré
39%
Albaretto della Torre
35%
Bagnolo Piemonte
35%
Barolo
35%
Bellino
35%
Borgomale
35%
Bosia
35%
Brondello
35%
Envie
35%
Cuneo Guarene
35%
Limone Piemonte
35%
Moretta
35%
Murazzano
35%
Nucetto
35%
Paesana
35%
Roddi
35%
Arguello
30%
Bastia Mondovì
30%
Bernezzo
30%
Bossolasco
30%
Caramagna Piemonte
30%
Cardé
30%
Castagnito
30%
Casteldelfino
30%
Cavallermaggiore
30%
Chiusa di Pesio
30%
Elva
30%
Gaiola
30%
Govone
30%
Lagnasco
30%
La Morra
30%
Lesegno
30%
Levice
30%
Lisio
30%
Manta
30%
Marsaglia
30%
Moiola
30%
Murello
30%
Narzole
30%
Roddino
30%
Sambuco
30%
Trinità
30%
Verduno
30%
Verzuolo
30%
Battifollo
26%
Benevello
26%
Briga Alta
26%
Canosio
26%
Cartignano
26%
Casalgrasso
26%
Castelletto Uzzone
26%
Castellinaldo d'Alba
26%
Castelnuovo di Ceva
26%
Castiglione Falletto
26%
Castiglione Tinella
26%
Ceresole d'Alba
26%
Ciglié
26%
Clavesana
26%
Corneliano d'Alba
26%
Cortemilia
26%
Diano d'Alba
26%
Faule
26%
Feisoglio
26%
Frassino
26%
Macra
26%
Mango
26%
Margarita
26%
Marmora
26%
Melle
26%
Monchiero
26%
Montanera
26%
Monteu Roero
26%
Morozzo
26%
Novello
26%
Perletto
26%
Perlo
26%
Piozzo
26%
Pocapaglia
26%
Priero
26%
Prunetto
26%
Rifreddo
26%
Roaschia
26%
Robilante
26%
Roburent
26%
Roccaforte Mondovì
26%
Roccavione
26%
Ruffia
26%
Saliceto
26%
Valdieri
26%
Baldissero d'Alba
22%
Belvedere Langhe
22%
Bonvicino
22%
Castelletto Stura
22%
Castellino Tanaro
22%
Castelmagno
22%
Cavallerleone
22%
Cissone
22%
Cossano Belbo
22%
Costigliole Saluzzo
22%
Cravanzana
22%
Frabosa Soprana
22%
Frabosa Sottana
22%
Gambasca
22%
Gorzegno
22%
Isasca
22%
Magliano Alfieri
22%
Magliano Alpi
22%
Mombasiglio
22%
Monesiglio
22%
Monforte d'Alba
22%
Niella Tanaro
22%
Oncino
22%
Ostana
22%
Pianfei
22%
Priocca
22%
Rodello
22%
Salmour
22%
Somano
22%
Tarantasca
22%
Villafalletto
22%
Villanova Mondovì
22%
Viola
22%
Castino
17%
Gottasecca
17%
Grinzane Cavour
17%
Igliano
17%
Lequio Berria
17%
Lequio Tanaro
17%
Martiniana Po
17%
Monterosso Grana
17%
Neviglie
17%
Niella Belbo
17%
Pagno
17%
Pamparato
17%
Pezzolo Valle Uzzone
17%
Piasco
17%
Cuneo Pietraporzio
17%
Prazzo
17%
Rittana
17%
Cuneo Roccasparvera
17%
Rossana
17%
Sale San Giovanni
17%
Santo Stefano Roero
17%
Scagnello
17%
Scarnafigi
17%
Stroppo
17%
Venasca
17%
Vignolo
17%
Villanova Solaro
17%
Vottignasco
17%
Celle di Macra
13%
Cerreto Langhe
13%
Monastero di Vasco
13%
Monasterolo Casotto
13%
Monasterolo di Savigliano
13%
Montaldo di Mondovì
13%
Montaldo Roero
13%
Montemale di Cuneo
13%
Monticello d'Alba
13%
Paroldo
13%
Piobesi d'Alba
13%
Pradleves
13%
Priola
13%
Roascio
13%
Roccabruna
13%
Sale delle Langhe
13%
San Damiano Macra
13%
San Michele Mondovì
13%
Sant'Albano Stura
13%
Santa Vittoria d'Alba
13%
Santo Stefano Belbo
13%
Sinio
13%
Sommariva del Bosco
13%
Torre San Giorgio
13%
Torresina
13%
Treiso
13%
Mombarcaro
9%
Montelupo Albese
9%
Polonghera
9%
Rocca Ciglié
9%
Rocca de' Baldi
9%
Rocchetta Belbo
9%
San Benedetto Belbo
9%
Torre Bormida
9%
Torre Mondovì
9%
Valgrana
9%
Valloriate
9%
Serravalle Langhe
4%
Sommariva Perno
4%
Trezzo Tinella
4%
Vezza d'Alba
4%
Serralunga d'Alba
0%
Villar San Costanzo
0%
Nessun quiz corrispondente trovato
Distribuzione punteggi
Percentuale di utenti per punteggio
Percentile per numero di risposta
I tuoi punteggi nel tempo
Non hai fatto questo quiz